| 000 | 01177nam a2200133Ia 4500 | ||
|---|---|---|---|
| 008 | 220615s9999||||xx |||||||||||||| ||und|| | ||
| 020 | _a9783040000000 | ||
| 245 | 0 | _aRemote Sensing in Applications of Geoinformation | |
| 546 | _aEnglish[eng] | ||
| 650 | _ainundation mapping||flood mapping||automatic thresholding||Sentinel-2||wetlands||marshland||Camargue||Doñana||3D modelling||LiDAR||CityGML||solar potential||general valuation||Cyprus||artificial intelligence||mass appraisals||real estate||algorithms||mathematical models||AVM||CAMA||urban forest||landscape metrics||aerial images||street view images||semantic segmentation||convolutional neural network (CNN)||spatial clustering||Eastern Mediterranean Sea||multiple filtering||skeletonization||structural interpretation||air temperature||surface temperature||multiple linear regression||Landsat 8||urban heat island||satellite images||plastic litter||spectral indices||spectroscopy||remote sensing||UAVs||soil nutrients||field spectroscopy||Landsat (OLI)||partial least-squares and regression||Wadi El-Garawla||n/a | ||
| 700 | _aMichaelides, Silas | ||
| 856 | _uhttps://mdpi.com/books/pdfview/book/4815 | ||
| 942 | _cEB | ||
| 999 |
_c12865 _d12865 |
||